Políticas científicas en Centroamérica
Gorde:
| Egile nagusia: | |
|---|---|
| Formatua: | Texto |
| Argitaratua: |
s.l.e :
|
| Gaiak: | |
| Etiketak: |
Etiketa erantsi
Etiketarik gabe, Izan zaitez lehena erregistro honi etiketa jartzen!
|
MARC
| LEADER | 00000 a a2200000 04500 | ||
|---|---|---|---|
| 001 | 15665 | ||
| 003 | |||
| 040 | |a CRAI/IIS |c CRAI/IIS | ||
| 090 | |a 029900 | ||
| 100 | |a Mulligan, Mary Jane | ||
| 245 | |a Políticas científicas en Centroamérica | ||
| 260 | |a s.l.e : | ||
| 300 | |a 26 p. | ||
| 650 | |a POLITICA CIENTIFICA | ||
| 999 | |c 14358 |d 14358 | ||
